| 000 | 00439cam a2200169ua 4500 | ||
|---|---|---|---|
| 020 | _c2.50 | ||
| 041 |
_amal _h |
||
| 082 |
_a923.2 _bPAR/MA |
||
| 100 | _aParameswaran Nair, P K . | ||
| 245 |
_aMahatma Gandhi / _cP K Parameswaran Nair. _hTextual Documents |
||
| 260 |
_aKottayam : _bSahitya Pravarthaka Co-operative Society , _c1968. |
||
| 300 | _a232 ; . | ||
| 365 | _a2.50 | ||
| 504 | _a | ||
| 942 | _cBK | ||
| 999 |
_c4900 _d4900 |
||